000 00383nam a2200169Ia 4500
003 0STCL
008 150530s9999 xx 000 0 und d
040 _aSTCL
_cSTCL
100 _aKunhunni
245 _aKunhunniyude Kavithakal
260 _bPoorna; Calicut
_c1981
_aCalicut
300 _a0
546 _aMalayalam
942 _2ddc
_cBK
999 _c46116
_d46116
005 20220125170702.0